000 00214nam a22000857a 4500
008 170306b xxu||||| |||| 00| 0 eng d
100 _93033
_aJoshi.R.etal.
245 _aWriting English-IX
260 _aNew Delhi
_bGBP
_c2010
999 _c6280
_d6280